<?xml version="1.0" encoding="UTF-8"?>
<record
    xmlns:xsi="http://www.w3.org/2001/XMLSchema-instance"
    xsi:schemaLocation="http://www.loc.gov/MARC21/slim http://www.loc.gov/standards/marcxml/schema/MARC21slim.xsd"
    xmlns="http://www.loc.gov/MARC21/slim">

  <leader>01427nac a22003371u 4500</leader>
  <controlfield tag="003">EG-ScBUE</controlfield>
  <controlfield tag="005">20220308133442.0</controlfield>
  <controlfield tag="008">200219s2004    nyua   f      000 0 eng d</controlfield>
  <datafield tag="020" ind1=" " ind2=" ">
    <subfield code="a">0553212044</subfield>
  </datafield>
  <datafield tag="040" ind1=" " ind2=" ">
    <subfield code="a">EG-ScBUE</subfield>
    <subfield code="b">eng</subfield>
    <subfield code="e">rda</subfield>
    <subfield code="c">EG-ScBUE</subfield>
    <subfield code="d">EG-ScBUE</subfield>
  </datafield>
  <datafield tag="082" ind1="0" ind2="4">
    <subfield code="a">851.1</subfield>
    <subfield code="b">DAN</subfield>
    <subfield code="2">22</subfield>
  </datafield>
  <datafield tag="100" ind1="0" ind2=" ">
    <subfield code="a">Dante Alighieri,&#x200F;            </subfield>
    <subfield code="d">1265-1321,</subfield>
    <subfield code="e">author.</subfield>
    <subfield code="9">35193</subfield>
  </datafield>
  <datafield tag="245" ind1="1" ind2="0">
    <subfield code="a">Paradiso :</subfield>
    <subfield code="b">the divine comedy of Dante Alighiert /</subfield>
    <subfield code="c">a verse translation with an introduction by Allen Mandelbaum ; notes by Anthony Oldcorn and Daniel Feldman, Giuseppe Di Scipio ; drawings by Barry Moser.</subfield>
  </datafield>
  <datafield tag="264" ind1=" " ind2="1">
    <subfield code="a">New York :</subfield>
    <subfield code="b">Bantam Dell,</subfield>
    <subfield code="c">2004.</subfield>
  </datafield>
  <datafield tag="300" ind1=" " ind2=" ">
    <subfield code="a">xxii, 427 pages :</subfield>
    <subfield code="b">illustrations ;</subfield>
    <subfield code="c">29 cm.</subfield>
  </datafield>
  <datafield tag="336" ind1=" " ind2=" ">
    <subfield code="2">rdacontent</subfield>
    <subfield code="a">text</subfield>
    <subfield code="b">txt</subfield>
  </datafield>
  <datafield tag="337" ind1=" " ind2=" ">
    <subfield code="2">rdamedia</subfield>
    <subfield code="a">unmediated</subfield>
    <subfield code="b">n</subfield>
  </datafield>
  <datafield tag="338" ind1=" " ind2=" ">
    <subfield code="2">rdacarrier</subfield>
    <subfield code="a">volume</subfield>
    <subfield code="b">nc</subfield>
  </datafield>
  <datafield tag="490" ind1="0" ind2=" ">
    <subfield code="a">Bantam classic</subfield>
  </datafield>
  <datafield tag="500" ind1=" " ind2=" ">
    <subfield code="a">The Italian text with an English verse translation, introd., and commentary by Allen Mandelbaum.</subfield>
  </datafield>
  <datafield tag="650" ind1=" " ind2="7">
    <subfield code="a">Heaven</subfield>
    <subfield code="x">Poetry.</subfield>
    <subfield code="2">BUEsh</subfield>
    <subfield code="9">40261</subfield>
  </datafield>
  <datafield tag="651" ind1=" " ind2=" ">
    <subfield code="2">BUEsh</subfield>
  </datafield>
  <datafield tag="653" ind1=" " ind2=" ">
    <subfield code="b">HHUUEENN</subfield>
    <subfield code="c">March2022</subfield>
  </datafield>
  <datafield tag="655" ind1=" " ind2=" ">
    <subfield code="v">Reading book</subfield>
    <subfield code="9">34232</subfield>
  </datafield>
  <datafield tag="700" ind1="1" ind2=" ">
    <subfield code="a">Oldcorn, Anthony,</subfield>
    <subfield code="e">author of introduction, etc.</subfield>
    <subfield code="9">35012</subfield>
  </datafield>
  <datafield tag="700" ind1="1" ind2=" ">
    <subfield code="a">Feldman, Daniel,</subfield>
    <subfield code="e">author of introduction, etc.</subfield>
  </datafield>
  <datafield tag="700" ind1="1" ind2=" ">
    <subfield code="a">Di Scipio, Giuseppe C.,&#x200F;</subfield>
    <subfield code="d">1946-</subfield>
    <subfield code="e">author of introduction, etc.</subfield>
    <subfield code="9">41928</subfield>
  </datafield>
  <datafield tag="700" ind1="1" ind2=" ">
    <subfield code="a">Moser, Barry,</subfield>
    <subfield code="e">illustrator.</subfield>
  </datafield>
  <datafield tag="700" ind1="1" ind2=" ">
    <subfield code="a">Mandelbaum, Allen,&#x200F;</subfield>
    <subfield code="d">1926-2011,</subfield>
    <subfield code="e">translator.</subfield>
  </datafield>
  <datafield tag="942" ind1=" " ind2=" ">
    <subfield code="c">BB</subfield>
    <subfield code="2">ddc</subfield>
  </datafield>
  <datafield tag="999" ind1=" " ind2=" ">
    <subfield code="c">2735</subfield>
    <subfield code="d">2735</subfield>
  </datafield>
  <datafield tag="952" ind1=" " ind2=" ">
    <subfield code="0">0</subfield>
    <subfield code="1">0</subfield>
    <subfield code="4">0</subfield>
    <subfield code="7">0</subfield>
    <subfield code="a">MAIN</subfield>
    <subfield code="b">MAIN</subfield>
    <subfield code="c">2ND</subfield>
    <subfield code="d">2007-04-16</subfield>
    <subfield code="e">Purchase</subfield>
    <subfield code="l">6</subfield>
    <subfield code="m">18</subfield>
    <subfield code="o">851.1 DAN</subfield>
    <subfield code="p">000001478</subfield>
    <subfield code="r">2025-07-15 00:00:00</subfield>
    <subfield code="s">2025-02-20</subfield>
    <subfield code="v">25.00</subfield>
    <subfield code="w">2007-03-04</subfield>
    <subfield code="y">BB</subfield>
  </datafield>
</record>
